00750nam a2200217 a 450000100100000000500170001000800410002701000130006802000150008104000180009604200100011404300120012405000230013624501410015926000920030030000210039250400500041365000210046370000260048470000220051000001900720200929165912.0951228s1995 bl b 000 0 por  a95832864 a8585725095 aDO-SdBNPcDLC alcode as-bl---00aLB1050b.L438 199500aLeituras no Brasil :bantologia comemorativa pelo 10o. COLE : dos anais dos COLEs /cMarcia Abreu (org.) ; Haquira Osakabe ... [et al.]. aCampinas, SP, Brasil :bAssociacao de Leitura do Brasil :bMercado de Letras,c[1995?]. a192 p. ;c21 cm. aIncludes bibliographical references (p. 192). 0aReadingzBrazil.1 aAbreu, Marcia Donner.1 aOsakabe, Haquira.